|
|
|
|
| LEADER |
00889cam a2200241 7i4500 |
| 001 |
0000023372 |
| 005 |
20210105090000.0 |
| 008 |
090424 eng |
| 020 |
|
|
|a 9788181472847 (pbk.)
|
| 040 |
|
|
|a Ohio
|
| 090 |
0 |
0 |
|a RC350.P48
|b N48 2002
|
| 245 |
1 |
0 |
|a Neurological physiotherapy :
|b a problem-solving approach
|c edited by Susan Edwards.
|
| 250 |
|
|
|a 2nd ed.
|
| 260 |
|
|
|a Edinburgh
|a New York:
|b Churchill Livingstone,
|c 2002.
|
| 300 |
|
|
|a xi, 293 p.:
|b ill.;
|c 25 cm.
|
| 504 |
|
|
|a Includes bibliographical references and index
|
| 650 |
0 |
0 |
|a Nervous system --
|x Diseases --
|x Physical therapy
|
| 650 |
0 |
0 |
|a Nervous System Diseases --
|x therapy
|
| 650 |
0 |
0 |
|a Splints
|
| 997 |
|
|
|a Health Sciences, Faculty
|
| 998 |
|
|
|a Physiotherapy, Diploma
|
| 999 |
|
|
|a 0000004449
|b BOK
|c OPEN SHELF
|e 1st Floor, Shah Alam
|
| 999 |
|
|
|a 0000025468
|b BOK
|c OPEN SHELF
|e 1st Floor, Shah Alam
|